Group counselling : Strategies and skill

Bibliographic Details
Main Author: Jacobs, Edward E.
Other Authors: Horvill, Riley l, Masson, Robert L
Format: Book
Published: California : Brooks cole Pubs , 1987
Subjects:

MARC

LEADER 00000cam a2200000 7i4500
001 0000000533
005 20050614.0
020 |a 0534080707 
040 |a INS 
090 0 0 |a BF637.C6.   |b J34 1987 
100 1 |a Jacobs, Edward E. 
245 1 0 |a Group counselling :   |b Strategies and skill   |c Edward E. Jacobs 
260 |a California :   |b Brooks cole Pubs ,   |c 1987 
300 |a 314p ;   |c 23cm. 
650 0 0 |a Group counselling 
650 0 0 |a Leadership 
700 1 |a Horvill, Riley l 
700 1 |a Masson, Robert L 
999 |a 0000003158   |b BOOK   |c Open Shelf   |e Default branch